| 000 | 00493nam a2200193Ia 4500 | ||
|---|---|---|---|
| 001 | 1815 | ||
| 008 | 140313s9999 xx 000 0 und d | ||
| 020 | _a0071007997 | ||
| 040 | _cPK-LaUMT | ||
| 082 |
_a 658.4038 _bLUC-I |
||
| 100 | _aHenry C.Lucas | ||
| 245 |
_aInformation systems concepts for management _cHenry C.Lucas |
||
| 250 | _a4th | ||
| 260 |
_aNew York,USA: _bMcGraw-Hill, _c1990 |
||
| 300 | _a530 p. | ||
| 546 | _aEN | ||
| 650 | _aInformation resources management | ||
| 942 | _cBK | ||
| 999 |
_c2125 _d2125 |
||